000
00337 a2200145 4500
001
155408
040
_c
Escola São Tomás de Aquino
100
_a
TITO
240
1
0
_a
Química na abordagem do cotidiano
_l
por
245
1
0
_a
Química na abordagem do cotidiano
300
_a
144
440
1
_a
Saraiva
697
_a
QUÍMICA
942
_c
BK
999
_c
155408
_d
155408